000 00400 a2200157 4500
003 Nust
005 20230310115116.0
040 _cNust
082 _a297.72,MAU
100 _aAbul Ala Maudoodi
_9110138
245 _aAl Jihad fil Islam /
_cSyed Abul Aala Maududi
260 _aLahore
_bIdehra Tarjumanul Quran
300 _b599:
650 _aJehad in Islam
_9110139
942 _2ddc
_cBK
_k297.72,MAU
999 _c188163
_d188163